[Event "Attica CupT final"]
[Site "Nikea"]
[Date "2023.06.10"]
[Round "1"]
[White "Karathanasi, Eirhnh"]
[Black "Panagiotopoulos, Ioannis"]
[Result "0-1"]
[WhiteElo "1778"]
[BlackElo "1746"]
[PlyCount "94"]
[EventDate "2023.06.10"]
[EventType "team-k.o."]
[EventRounds "2"]
[EventCountry "GRE"]
[SourceTitle "EXT 2024"]
[Source "ChessBase"]
[SourceDate "2023.10.10"]
[SourceVersion "1"]
[SourceVersionDate "2023.10.10"]
[SourceQuality "1"]
[WhiteTeam "Koropiou"]
[BlackTeam "Peukis AO"]
[WhiteTeamCountry "GRE"]
[BlackTeamCountry "GRE"]

1. e4 c6 2. d4 d5 3. Nc3 dxe4 4. Nxe4 Nf6 5. Ng3 h5 6. h4 c5 7. Nf3 Nc6 8. c3 cxd4 9. Nxd4 Nxd4 10. Qxd4 Qxd4 11. cxd4 e6 12. Bc4 Bb4+ 13. Ke2 Bd7 14. Bg5 Bc6 15. f3 Bd6 16. Kf2 Bc7 17. Rhd1 Bb6 18. Kf1 Rd8 19. Ne2 Rd7 20. b4 Nh7 21. Bf4 Ke7 22. a4 Rc8 23. a5 Bc7 24. b5 Bd5 25. Bxd5 Rxd5 26. Rac1 Kd7 27. Bxc7 Rxc7 28. Rxc7+ Kxc7 29. Rc1+ Kd8 30. Rc5 Nf6 31. Nf4 Rxd4 32. Nxh5 Nd7 33. Rg5 g6 34. Ng7 Rxh4 35. Nxe6+ fxe6 36. Rxg6 Ke7 37. Rg7+ Kd6 38. a6 bxa6 39. bxa6 Ra4 40. g4 Rxa6 41. g5 Ra2 42. f4 a5 43. Rf7 Rb2 44. g6 a4 45. Rf8 a3 46. g7 a2 47. Ra8 Nf6 0-1

[Event "Ambelokipi op 156th"]
[Site "Athens"]
[Date "2015.12.02"]
[Round "4"]
[White "Panagiotopoulos, Ioannis"]
[Black "Vazelakis, Dimitrios"]
[Result "1-0"]
[WhiteElo "1783"]
[BlackElo "1982"]
[PlyCount "63"]
[EventDate "2015.11.11"]
[EventType "swiss"]
[EventRounds "7"]
[EventCountry "GRE"]
[SourceTitle "EXT 2024"]
[Source "ChessBase"]
[SourceDate "2023.10.10"]
[SourceVersion "1"]
[SourceVersionDate "2023.10.10"]
[SourceQuality "1"]

1. d4 g6 2. Nf3 Bg7 3. c3 d6 4. Bg5 h6 5. Bh4 f5 6. e3 g5 7. Bg3 e6 8. Nbd2 Nf6 9. Qb3 Nc6 10. Bd3 Qe7 11. 0-0-0 a6 12. h4 g4 13. Nh2 Nh5 14. Nhf1 0-0 15. f3 gxf3 16. gxf3 Kh8 17. Bf2 b5 18. Ng3 Nxg3 19. Bxg3 e5 20. h5 b4 21. Bh4 Qe8 22. Rdg1 bxc3 23. bxc3 f4 24. Rxg7 Kxg7 25. Rg1+ Kh8 26. Rg6 Bf5 27. Bxf5 Rxf5 28. Ne4 exd4 29. exd4 d5 30. Bf6+ Rxf6 31. Nxf6 Rb8 32. Nxe8 1-0

[Event "Peristeri op"]
[Site "Peristeri"]
[Date "2015.01.02"]
[Round "1"]
[White "Panagiotopoulos, Ioannis"]
[Black "Karagiannis, Athanasios"]
[Result "0-1"]
[WhiteElo "1761"]
[BlackElo "2202"]
[PlyCount "70"]
[EventDate "2015.01.02"]
[EventType "swiss"]
[EventRounds "7"]
[EventCountry "GRE"]
[SourceTitle "EXT 2016"]
[Source "ChessBase"]
[SourceDate "2015.10.08"]
[SourceVersion "1"]
[SourceVersionDate "2015.10.08"]
[SourceQuality "1"]

1. d4 Nf6 2. c4 e6 3. Nc3 d5 4. Nf3 Be7 5. e3 0-0 6. b3 c5 7. dxc5 Bxc5 8. cxd5 Bb4 9. Bd2 Qa5 10. Nb1 Nxd5 11. a3 Rd8 12. Be2 Bxd2+ 13. Qxd2 Qb6 14. Qc2 Nc6 15. 0-0 Bd7 16. Nc3 Nxc3 17. Qxc3 Rac8 18. Qb2 Ne7 19. Ne5 Bb5 20. Bxb5 Qxb5 21. Rfd1 Nd5 22. Rac1 h6 23. h3 a5 24. Nf3 Nf6 25. Rxd8+ Rxd8 26. Nd4 Qh5 27. Qc3 Qd5 28. Qc5 e5 29. Nf3 Qxb3 30. Nxe5 b6 31. Qc4 Qxc4 32. Nxc4 Rc8 33. a4 Ne4 34. Rc2 Kf8 35. Kf1 Rxc4 0-1

[Event "Athens op 08"]
[Site "Athens"]
[Date "2012.07.30"]
[Round "1"]
[White "Panagiotopoulos, Ioannis"]
[Black "Koliopoulos, Konstantinos"]
[Result "0-1"]
[WhiteElo "1693"]
[BlackElo "2243"]
[PlyCount "42"]
[EventDate "2012.07.30"]
[EventType "swiss"]
[EventRounds "7"]
[EventCountry "GRE"]
[SourceTitle "EXT 2014"]
[Source "ChessBase"]
[SourceDate "2013.11.20"]
[SourceVersion "1"]
[SourceVersionDate "2013.11.20"]
[SourceQuality "1"]

1. d4 d5 2. c4 dxc4 3. Nf3 Nf6 4. e3 e6 5. Bxc4 c5 6. 0-0 a6 7. b3 b5 8. Be2 Bb7 9. Bb2 Nbd7 10. Nbd2 Be7 11. dxc5 Nxc5 12. Ne5 0-0 13. Ndf3 h6 14. Rc1 Qa5 15. a3 Rfd8 16. Nd4 Qc7 17. Nd3 Qb6 18. Qc2 Be4 19. Rfd1 e5 20. Nf3 Bxd3 21. Bxd3 e4 0-1